Test jednotkového koreňa a štrukturálne zmeny

Aplikácia testu jednotkového koreňa na časovom rade štvrťročných údajov hrubého domáceho produktu SR. Test jednotkového koreňa bez štrukturálnych zlomov - rozšírený Dickeyho-Fullerov test. Test jednotkového koreňa so štrukturálnym zlomom - Perronov test. Testovanie nestacionarity v programe EViews.

Enregistré dans:
Détails bibliographiques
Auteur principal: Lukáčik, Martin, 1974-
Format: Chapitre de livre
Langue:slovaque
Sujets:
Tags: Ajouter un tag
Pas de tags, Soyez le premier à ajouter un tag!

MARC

LEADER 00000nla a2200000 4500
001 0212618
005 20240502083532.6
041 0 |a slo 
044 |a CZ 
245 1 0 |a Test jednotkového koreňa a štrukturálne zmeny  |c Martin Lukáčik 
520 |a Aplikácia testu jednotkového koreňa na časovom rade štvrťročných údajov hrubého domáceho produktu SR. Test jednotkového koreňa bez štrukturálnych zlomov - rozšírený Dickeyho-Fullerov test. Test jednotkového koreňa so štrukturálnym zlomom - Perronov test. Testovanie nestacionarity v programe EViews. 
610 2 0 |a modely autoregresné 
610 2 0 |a testy 
610 2 0 |a produkt domáci hrubý 
100 1 |a Lukáčik, Martin, 1974-